[Event "Moscow Open A 2015"]
[Site "Moscow RUS"]
[Date "2015.02.06"]
[Round "7.43"]
[White "Drygalov, Sergey"]
[Black "Krapivin, Alexander"]
[Result "1/2-1/2"]
[BlackTitle "GM"]
[WhiteElo "2269"]
[BlackElo "2443"]
[WhiteFideId "24171743"]
[BlackFideId "4154720"]
[EventDate "2015.01.31"]

1. d4 Nf6 2. c4 e6 3. Nf3 Bb4+ 4. Bd2 Bxd2+ 5. Qxd2 b6 6. g3 Bb7 7. Bg2 O-O 8.
Nc3 Ne4 9. Nxe4 Bxe4 10. O-O d6 11. Qf4 Bb7 12. Rac1 Nd7 13. e4 Qe7 14. d5 e5
15. Qe3 a5 16. b3 Rae8 17. a3 g6 18. b4 axb4 19. axb4 Bc8 20. Ra1 Nf6 21. h3 Nh5
22. Ra7 f5 23. exf5 gxf5 24. Qg5+ Qxg5 25. Nxg5 Re7 26. c5 bxc5 27. bxc5 Rg7 28.
Ne6 Bxe6 29. dxe6 dxc5 30. Rc1 f4 31. g4 f3 32. Bf1 Nf6 33. Rxc5 Nxg4 34. Rcxc7
Rxc7 35. Rxc7 Nf6 36. Kh2 Rb8 37. Bc4 Ne8 38. Rd7 Rc8 39. Bd5 Rc5 40. Bxf3 e4
41. Bxe4 Nf6 42. Bd3 Rc3 43. Rf7 Rxd3 44. Rxf6 Ra3 45. f4 Ra7 46. Kg3 Kg7 47.
Rf5 Re7 48. Re5 Kf6 49. Kg4 Rxe6 50. Rxe6+ Kxe6 51. Kg5 Kf7 52. Kf5 Ke7 53. h4
Kf7 54. Ke5 Ke7 55. f5 Kf7 56. f6 Kf8 57. Ke6 Ke8 58. f7+ Kf8 59. Kf6 h6 1/2-1/2

[Event "Moscow Open A 2015"]
[Site "Moscow RUS"]
[Date "2015.02.06"]
[Round "7.44"]
[White "Galoyan, Levon"]
[Black "Petrov, Nikita"]
[Result "1/2-1/2"]
[WhiteTitle "FM"]
[BlackTitle "IM"]
[WhiteElo "2256"]
[BlackElo "2436"]
[WhiteFideId "13302027"]
[BlackFideId "4101286"]
[EventDate "2015.01.31"]

1. d4 Nf6 2. c4 c6 3. Nf3 d5 4. e3 Bg4 5. Qb3 Qb6 6. Ne5 Bf5 7. Nd2 e6 8. c5 Qc7
9. Bd3 Bxd3 10. Nxd3 b6 11. Qc3 bxc5 12. Nxc5 Nbd7 13. Nxd7 Nxd7 14. b3 Bd6 15.
e4 O-O 16. g3 Qb7 17. O-O c5 18. exd5 cxd4 19. Qc6 Qxc6 20. dxc6 Ne5 21. Ne4 Be7
22. c7 Rac8 23. Bf4 Nd3 24. Rad1 Nxf4 25. gxf4 f5 26. Ng5 Bxg5 27. fxg5 e5 28.
Rfe1 Rfe8 29. f4 Rxc7 30. Rxd4 e4 31. Rd5 g6 32. Re2 Kf7 33. Kg2 Rc3 34. Red2
Re7 35. h4 Rf3 36. Rf2 Rxf2+ 37. Kxf2 Rc7 38. Ra5 Ke6 39. b4 Rc2+ 40. Ke3 Rc3+
41. Kd4 Rd3+ 42. Kc4 Rd7 43. a4 Rc7+ 44. Kd4 Rd7+ 45. Kc4 Rc7+ 46. Kd4 Rd7+ 1/2-1/2

[Event "Moscow Open A 2015"]
[Site "Moscow RUS"]
[Date "2015.02.06"]
[Round "7.45"]
[White "Pourramezanali, Amirreza"]
[Black "Klukin, Kirill"]
[Result "1-0"]
[WhiteTitle "IM"]
[WhiteElo "2432"]
[BlackElo "2225"]
[WhiteFideId "12511412"]
[BlackFideId "24199273"]
[EventDate "2015.01.31"]

1. e4 c5 2. c3 Nf6 3. e5 Nd5 4. Nf3 Nc6 5. Bc4 Nb6 6. Bb3 d5 7. exd6 e6 8. O-O
Bxd6 9. d4 cxd4 10. cxd4 O-O 11. Nc3 Nb4 12. a3 N4d5 13. Qd3 Be7 14. Bc2 f5 15.
Bb3 Bf6 16. Re1 Qd6 17. Ne5 Rd8 18. Qe2 Nc7 19. Qh5 Rf8 20. Bg5 Nbd5 21. Bxf6
gxf6 22. Nxd5 Nxd5 23. Nd3 Bd7 24. Bxd5 Qxd5 25. Nf4 Qd6 26. Qh6 Rf7 27. Rad1
Rc8 28. Re3 Rg7 29. Nh5 Rg6 30. Qf4 Qxf4 31. Nxf4 Rg4 32. g3 Kf7 33. Rde1 Re8
34. Rc3 Bc6 35. b4 Re7 36. Rce3 Bd7 37. Nd5 Rxd4 38. Nxe7 Kxe7 39. Rc3 Bc6 40.
Rec1 a6 41. Rc4 Rd3 42. Rh4 Rxa3 43. Rxh7+ Kd6 44. h4 f4 45. Rg7 fxg3 46. Rd1+
Ke5 47. Rxg3 Ra4 48. Rh3 Rxb4 49. f3 Bxf3 50. Rxf3 Rxh4 51. Rb3 b5 52. Ra1 Rg4+
53. Kf2 f5 54. Rxa6 Rf4+ 55. Kg3 Re4 56. Rxb5+ Kf6 57. Rbb6 Re1 58. Kf3 Kf7 59.
Rb7+ Kf6 60. Rb2 1-0

[Event "Moscow Open A 2015"]
[Site "Moscow RUS"]
[Date "2015.02.06"]
[Round "7.47"]
[White "Lomasov, Semen"]
[Black "Duzhakov, Ilya"]
[Result "1-0"]
[WhiteTitle "FM"]
[BlackTitle "FM"]
[WhiteElo "2305"]
[BlackElo "2420"]
[WhiteFideId "24164879"]
[BlackFideId "4192516"]
[EventDate "2015.01.31"]

1. e4 c5 2. Nf3 d6 3. d4 cxd4 4. Nxd4 Nf6 5. Nc3 a6 6. Be3 e5 7. Nb3 Be7 8. Qd2
Be6 9. O-O-O Nbd7 10. f4 Rc8 11. f5 Bc4 12. Bxc4 Rxc4 13. Qd3 b5 14. h3 O-O 15.
g4 Qa8 16. Nd2 Nc5 17. Bxc5 Rxc5 18. g5 Nh5 19. f6 Nf4 20. Qf3 Rxc3 21. bxc3
gxf6 22. gxf6 Bxf6 23. Nf1 Rc8 24. Rxd6 Rxc3 25. Qg4+ Kf8 26. Rg1 Qc8 27. Qxc8+
Rxc8 28. Kb2 Be7 29. Rxa6 Bc5 30. Rg3 Ne2 31. Rd3 b4 32. Rf3 Rc7 33. Ng3 Bd4+
34. Kb3 Nc1+ 35. Kxb4 Rxc2 36. Ra8+ Ke7 37. Nf5+ Kd7 38. Nxd4 exd4 39. Rxf7+ Ke6
40. Rf5 d3 41. Ra6+ Ke7 42. Rh5 Nxa2+ 43. Ka3 d2 44. Rxh7+ Kd8 45. Rd6+ Ke8 46.
Kb3 1-0

[Event "Moscow Open A 2015"]
[Site "Moscow RUS"]
[Date "2015.02.06"]
[Round "7.48"]
[White "Sattarov, Bobir"]
[Black "Atabayev, Yusup"]
[Result "0-1"]
[BlackTitle "IM"]
[WhiteElo "2243"]
[BlackElo "2415"]
[WhiteFideId "14203081"]
[BlackFideId "14001128"]
[EventDate "2015.01.31"]

1. e4 c5 2. Nf3 d6 3. Bb5+ Nd7 4. O-O a6 5. Bd3 e5 6. c3 Be7 7. Re1 g5 8. Rf1
Nf8 9. Be2 Ne6 10. d4 Qc7 11. dxe5 dxe5 12. Qd5 Bf6 13. Rd1 Bd7 14. Be3 Bc6 15.
Qd3 Rd8 16. Qc2 Rxd1+ 17. Bxd1 Be7 18. Nbd2 g4 19. Ne1 Nf6 20. Qd3 Bb5 21. Qc2
h5 22. a4 Bc6 23. Qd3 Nf4 24. Bxf4 exf4 25. Bb3 O-O 26. e5 Qxe5 27. Qg6+ Kh8 28.
Bxf7 Rxf7 29. Qxf7 Qe2 30. Nd3 g3 31. Nf3 Be8 32. Qc4 gxf2+ 0-1

[Event "Moscow Open A 2015"]
[Site "Moscow RUS"]
[Date "2015.02.06"]
[Round "7.49"]
[White "Sychev, Klementy"]
[Black "Lkhamsuren, Uuganbayar"]
[Result "1-0"]
[WhiteTitle "IM"]
[BlackTitle "WFM"]
[WhiteElo "2414"]
[BlackElo "2106"]
[WhiteFideId "4114060"]
[BlackFideId "4901347"]
[EventDate "2015.01.31"]

1. d4 Nf6 2. c4 e6 3. Nf3 b6 4. g3 Ba6 5. Qc2 Bb7 6. Bg2 c5 7. d5 exd5 8. cxd5
Bxd5 9. Nc3 Bc6 10. e4 Be7 11. O-O O-O 12. Bf4 Na6 13. Rad1 Qc8 14. Rfe1 Nb4 15.
Qb1 c4 16. Ne5 b5 17. a3 Na6 18. Nxc6 dxc6 19. e5 Nh5 20. Be3 Qe6 21. Qe4 b4 22.
Na4 g6 23. Qxc6 Qxc6 24. Bxc6 Rad8 25. Bb5 Nc7 26. Bxc4 bxa3 27. bxa3 Ne6 28.
Bxe6 fxe6 29. Bc5 Kf7 30. Rxd8 Rxd8 31. Rb1 Rd7 32. Bxe7 Kxe7 33. Nc5 Rc7 34.
Ne4 Ng7 35. Rb8 h5 36. Ng5 Kd7 37. Rf8 Kc6 38. Rf6 Kd5 39. Rxg6 Kxe5 40. Nf3+
Ke4 41. Kg2 Rf7 42. Ng5+ Kf5 43. Nxf7 Kxg6 44. Ne5+ Kf6 45. Nc6 a6 46. a4 Ne8
47. f4 Nd6 48. Kf3 Nb7 49. a5 Nc5 50. h3 Kf5 51. g4+ hxg4+ 52. hxg4+ Kf6 53. g5+
Kf7 54. Ke3 Ke8 55. Kd4 Nd7 56. Ne5 Nf8 57. g6 1-0

[Event "Moscow Open A 2015"]
[Site "Moscow RUS"]
[Date "2015.02.06"]
[Round "7.50"]
[White "Drygalov, Andrey"]
[Black "Nikologorskiy, Konstantin"]
[Result "1/2-1/2"]
[BlackTitle "FM"]
[WhiteElo "2162"]
[BlackElo "2414"]
[WhiteFideId "24171735"]
[BlackFideId "24111708"]
[EventDate "2015.01.31"]

1. e4 c5 2. Nc3 d6 3. g3 Nc6 4. Bg2 g6 5. d3 Bg7 6. Be3 Nd4 7. Qd2 Rb8 8. Nd1 b5
9. c3 Nc6 10. d4 cxd4 11. cxd4 Na5 12. b3 Nf6 13. f3 h5 14. Ne2 h4 15. O-O hxg3
16. hxg3 b4 17. Nf2 Ba6 18. Nd3 Qd7 19. Rac1 O-O 20. d5 Qb5 21. Rfd1 Nd7 22.
Bxa7 Rbc8 23. Be3 Rxc1 24. Nexc1 Bc3 25. Qf2 Rc8 26. Bf1 Qb7 27. Ne2 Bg7 28.
Nef4 Ne5 29. Nxe5 Bxe5 30. Bxa6 Qxa6 31. Nd3 Bc3 32. Qe2 Nb7 33. Rc1 Nc5 34.
Bxc5 dxc5 35. Kg2 c4 36. bxc4 Qxc4 37. Nf4 Qc5 38. Rc2 Ra8 39. Qd3 Ra3 40. e5
Kg7 41. e6 f5 42. Ne2 Be5 43. Qd2 Qe3 44. Qxe3 Rxe3 45. f4 Bc3 46. Nc1 Re4 47.
Nb3 Re3 48. Nc1 Re4 49. Ne2 Re3 50. Nc1 1/2-1/2

[Event "Moscow Open A 2015"]
[Site "Moscow RUS"]
[Date "2015.02.06"]
[Round "7.51"]
[White "Sargsyan, Shant"]
[Black "Airapetian, Gor"]
[Result "1/2-1/2"]
[WhiteTitle "CM"]
[BlackTitle "IM"]
[WhiteElo "2172"]
[BlackElo "2470"]
[WhiteFideId "13306766"]
[BlackFideId "4177916"]
[EventDate "2015.01.31"]

1. d4 d5 2. c4 c6 3. Nf3 Nf6 4. Nc3 a6 5. c5 Bf5 6. Bf4 Nbd7 7. h3 e6 8. e3 Be7
9. Bd3 Bxd3 10. Qxd3 b6 11. b4 a5 12. b5 Rc8 13. cxb6 Qxb6 14. O-O O-O 15. Rab1
cxb5 16. Nxb5 Qa6 17. Nd2 Nb6 18. Rfc1 Rxc1+ 19. Rxc1 Rc8 20. Rxc8+ Qxc8 21. Bc7
Qa6 22. Bxb6 Qxb6 23. a4 Qc6 24. Qc3 Qxc3 25. Nxc3 Bb4 26. Ndb1 Nd7 27. Kf1 Nb6
28. Ke2 f5 29. Kd3 Kf7 30. Kc2 Kf6 31. Kb3 Kg5 32. Nd1 f4 33. exf4+ Kxf4 34.
Nbc3 Bxc3 35. Nxc3 e5 36. g3+ Kf5 37. Ne2 exd4 38. Nxd4+ Ke4 39. Nc6 Nc4 40. Kc3
Kf3 41. Kd4 Kxf2 42. g4 Kg3 43. Kxd5 Nb6+ 44. Ke4 Kxh3 45. Kf4 Nxa4 46. Nxa5 Nb6
47. Nc6 Nd5+ 48. Kf3 g5 49. Ne5 Kh4 50. Nd7 Kh3 1/2-1/2

[Event "Moscow Open A 2015"]
[Site "Moscow RUS"]
[Date "2015.02.06"]
[Round "7.52"]
[White "Shtembuliak, Evgeny"]
[Black "Swayams, Mishra"]
[Result "1/2-1/2"]
[WhiteTitle "FM"]
[BlackTitle "IM"]
[WhiteElo "2352"]
[BlackElo "2480"]
[WhiteFideId "14113325"]
[BlackFideId "5028183"]
[EventDate "2015.01.31"]

1. g3 d5 2. Nf3 c5 3. Bg2 Nc6 4. d4 Nf6 5. O-O e6 6. c4 cxd4 7. Nxd4 Be7 8. Nc3
O-O 9. cxd5 exd5 10. Nxc6 bxc6 11. Be3 Bf5 12. Rc1 Qd7 13. Na4 Rfe8 14. Bc5 Bh3
15. Bxe7 Rxe7 16. e3 Bxg2 17. Kxg2 Ne4 18. Nc5 Nxc5 19. Rxc5 Re6 20. Qa4 Rb8 21.
b3 h5 22. h4 Rb6 23. Rd1 Qe7 24. Ra5 Rb7 25. Qa3 Qd7 26. Rd4 Re7 27. Qc5 Qe6 28.
e4 dxe4 29. Rd6 Qg4 30. Rd8+ Kh7 31. Qxh5+ Qxh5 32. Rxh5+ Kg6 33. Rg5+ Kh7 34.
Rd6 Rbd7 35. Rxd7 Rxd7 36. Kf1 g6 37. Rc5 Rd2 38. Ra5 f5 39. h5 Rb2 40. Rxa7+
Kh6 41. hxg6 Kxg6 42. Rc7 Rxa2 43. Rxc6+ Kg5 44. Rc3 1/2-1/2

[Event "Moscow Open A 2015"]
[Site "Moscow RUS"]
[Date "2015.02.06"]
[Round "7.53"]
[White "Kanmazalp, Ogulcan"]
[Black "Torosyan, Norayr"]
[Result "1-0"]
[WhiteTitle "IM"]
[WhiteElo "2457"]
[BlackElo "2349"]
[WhiteFideId "6304990"]
[BlackFideId "13300431"]
[EventDate "2015.01.31"]

1. e4 c6 2. d4 d5 3. Nc3 dxe4 4. Nxe4 Nd7 5. Ng5 Ngf6 6. Bd3 e6 7. N1f3 Bd6 8.
Qe2 h6 9. Ne4 Nxe4 10. Qxe4 Nf6 11. Qe2 Qc7 12. Bd2 b6 13. Ne5 Bb7 14. f4 c5 15.
dxc5 Bxc5 16. Bb5+ Ke7 17. O-O-O Rhd8 18. Bd3 Kf8 19. Rhf1 Rac8 20. Kb1 Ng8 21.
g4 Bd4 22. Nf3 Ba6 23. Nxd4 Rxd4 24. Bxa6 Qxc2+ 25. Ka1 Rcd8 26. Bc1 Qxd1 27.
Rxd1 Rxd1 28. Kb1 1-0

[Event "Moscow Open A 2015"]
[Site "Moscow RUS"]
[Date "2015.02.06"]
[Round "7.54"]
[White "Demianjuk, Alexander"]
[Black "Munguntuul, Batkhuyag"]
[Result "1/2-1/2"]
[BlackTitle "IM"]
[WhiteElo "2327"]
[BlackElo "2433"]
[WhiteFideId "4134249"]
[BlackFideId "4900758"]
[EventDate "2015.01.31"]

1. d4 d5 2. c4 e6 3. Nf3 h6 4. g3 Nf6 5. Bg2 c5 6. O-O Nc6 7. Nc3 Be7 8. Bf4 O-O
9. cxd5 exd5 10. dxc5 Bxc5 11. Rc1 Be7 12. Ne5 Be6 13. Nxc6 bxc6 14. Na4 Qa5 15.
Be3 Rab8 16. b3 Rfc8 17. Bc5 Bxc5 18. Nxc5 Bf5 19. Qd4 Qxa2 20. Qf4 Bg6 21. Bh3
Rd8 22. Qc7 Qxe2 23. Nb7 Rf8 24. Qxc6 Ne4 25. Bg2 Nd2 26. Rfe1 Nf3+ 27. Bxf3
Qxf3 28. Rc3 Qh5 29. Nd6 d4 30. Rc5 Qh3 31. Rd5 d3 32. Rd4 Rxb3 33. Qa4 Rb2 34.
Qxa7 d2 35. Rf1 Bh5 36. Nc4 Bf3 37. Ne3 d1=Q 38. Rfxd1 Bxd1 39. Rxd1 Qh5 40. Qd4
Qe2 41. Nf5 f6 42. Ne7+ Kh7 43. Qd3+ Qxd3 44. Rxd3 Ra8 45. h4 Ra7 46. Re3 Rc2
47. Nd5 h5 48. Nf4 Raa2 49. Nh3 Rc5 50. Rf3 Kh6 51. Kg2 1/2-1/2

[Event "Moscow Open A 2015"]
[Site "Moscow RUS"]
[Date "2015.02.06"]
[Round "7.55"]
[White "Kozlitin, Oleg"]
[Black "Seliverstov, Vladimir"]
[Result "1/2-1/2"]
[WhiteTitle "IM"]
[BlackTitle "FM"]
[WhiteElo "2329"]
[BlackElo "2432"]
[WhiteFideId "4143590"]
[BlackFideId "4192036"]
[EventDate "2015.01.31"]

1. e4 g6 2. d4 Bg7 3. Nc3 d6 4. f4 a6 5. Nf3 b5 6. Bd3 Nd7 7. e5 c5 8. Be4 Rb8
9. Be3 b4 10. Ne2 Qc7 11. c3 Bb7 12. Bxb7 Qxb7 13. O-O Nh6 14. h3 Nf5 15. Bf2
O-O 16. Qd3 Rfd8 17. Rad1 cxd4 18. cxd4 e6 19. g4 dxe5 20. dxe5 Ne7 21. Ng3 Nd5
22. Qe4 b3 23. axb3 Qxb3 24. Bd4 Bf8 25. f5 Nc5 26. Qe2 Nf4 27. Qd2 Nfd3 28. Kh2
Nxb2 29. Rb1 Nc4 30. Qf2 Qxb1 31. Rxb1 Rxb1 32. fxg6 fxg6 33. Ng5 Rd7 34. Bxc5
Rd2 35. Ne2 Rxe2 36. Qxe2 Rb2 37. Qxb2 Nxb2 38. Bd4 Nd3 39. Nxe6 Bg7 40. Nxg7
Kxg7 41. Kg3 Kf7 42. Kf3 Ke8 43. Ke4 Nb4 44. Kf4 Nc6 45. Bc3 h6 46. h4 a5 47.
Ke4 a4 48. Bb2 Na5 49. Kd3 Kd7 50. h5 gxh5 51. gxh5 1/2-1/2

[Event "Moscow Open A 2015"]
[Site "Moscow RUS"]
[Date "2015.02.06"]
[Round "7.56"]
[White "Sadikhov, Ulvi"]
[Black "Zhurikhin, Alexander"]
[Result "1/2-1/2"]
[WhiteTitle "FM"]
[BlackTitle "FM"]
[WhiteElo "2414"]
[BlackElo "2314"]
[WhiteFideId "13401416"]
[BlackFideId "4139569"]
[EventDate "2015.01.31"]

1. e4 c6 2. d3 d5 3. Nd2 e5 4. Ngf3 Bd6 5. g3 Ne7 6. Bg2 O-O 7. O-O f6 8. Re1
Bg4 9. c3 Nd7 10. Qc2 a5 11. d4 Bc7 12. h3 Bh5 13. dxe5 fxe5 14. Ng5 Bb6 15.
Ndf3 Rf6 16. exd5 Bg6 17. Ne4 Rxf3 18. Bxf3 cxd5 19. Qe2 dxe4 20. Bxe4 Bxe4 21.
Qxe4 Nc6 22. Be3 Bxe3 23. Qxe3 Nf6 24. Rad1 Qc8 25. g4 Qc7 26. f3 Rf8 27. Kg2
Qf7 28. Qc5 Qxa2 29. Re2 h6 30. Rdd2 Qf7 31. Re3 Qg6 32. b4 axb4 33. cxb4 Nh5
34. b5 Nf4+ 35. Kh2 Nd4 36. Qxe5 Nde6 37. Kg3 Qb1 38. Re1 Qb4 39. Rd6 Rf6 40.
Red1 Qb3 41. h4 Nh5+ 42. gxh5 Qxf3+ 43. Kh2 Nf4 44. R6d2 Qh3+ 45. Kg1 Qg4+ 46.
Kh1 Re6 47. Qc3 Qxh5 48. Rf1 Qxh4+ 49. Rh2 Qg5 50. Qc4 Qd5+ 51. Qxd5 Nxd5 52.
Rd2 Nf6 53. Rc1 Re5 54. b6 1/2-1/2

[Event "Moscow Open A 2015"]
[Site "Moscow RUS"]
[Date "2015.02.06"]
[Round "7.58"]
[White "Simonian, Tigran"]
[Black "Savitskiy, Sergey"]
[Result "1-0"]
[WhiteTitle "IM"]
[BlackTitle "FM"]
[WhiteElo "2412"]
[BlackElo "2325"]
[WhiteFideId "13303597"]
[BlackFideId "24105660"]
[EventDate "2015.01.31"]

1. d4 Nf6 2. c4 g6 3. Nc3 d5 4. Nf3 Bg7 5. Bg5 Ne4 6. cxd5 Nxg5 7. Nxg5 e6 8.
Qd2 h6 9. Nh3 exd5 10. Nf4 c6 11. e3 O-O 12. Be2 Nd7 13. O-O Nf6 14. b4 a6 15.
a4 Ne4 16. Qc2 Nxc3 17. Qxc3 Qd6 18. Qc5 Qxc5 19. bxc5 a5 20. Rab1 Re8 21. Bd3
Kf8 22. h3 Ke7 23. g4 Kd8 24. Kg2 Kc7 25. Rb3 Bf6 26. Rfb1 Bh4 27. Kf3 Kb8 28.
e4 dxe4+ 29. Bxe4 Ra6 30. d5 cxd5 31. Bxd5 Rf6 32. Bxb7 Re5 33. Bxc8+ Kxc8 34.
Rb8+ Kc7 35. R1b7+ Kc6 36. Rb6+ Kxc5 37. Rxf6 Bxf6 38. Nd3+ Kc4 39. Nxe5+ Bxe5
40. Rb1 Kd3 41. Rb7 f6 42. h4 1-0

[Event "Moscow Open A 2015"]
[Site "Moscow RUS"]
[Date "2015.02.06"]
[Round "7.59"]
[White "Mischuk, Dmitry"]
[Black "Demin, Alexandr"]
[Result "1-0"]
[WhiteTitle "IM"]
[BlackTitle "IM"]
[WhiteElo "2323"]
[BlackElo "2410"]
[WhiteFideId "14118734"]
[BlackFideId "4152921"]
[EventDate "2015.01.31"]

1. d4 Nf6 2. c4 c5 3. d5 b5 4. Nf3 g6 5. Qc2 bxc4 6. e4 d6 7. Bxc4 Bg7 8. O-O
O-O 9. Nc3 Ba6 10. Nb5 Bb7 11. h3 Nbd7 12. Re1 Nb6 13. Bf1 Re8 14. a4 a5 15. Bf4
h6 16. Rad1 Bc8 17. Bh2 Bb7 18. b3 Rf8 19. Rd2 Rc8 20. Red1 Ra8 21. Qb1 Rc8 22.
Na7 Rc7 23. Nc6 Rxc6 24. dxc6 Bxc6 25. e5 Ne4 26. Rc2 Nd5 27. Qc1 Nb4 28. Re2
Qc8 29. Nd2 Ng5 30. exd6 exd6 31. Nc4 Qf5 32. Qf4 Qc8 33. Nxd6 Qa8 34. Red2 Bc3
35. h4 Ne6 36. Qxh6 Nd5 37. Rd3 Bf6 38. Nc4 Ndf4 39. Bxf4 Bg7 40. Qxg7+ Kxg7 41.
Be5+ f6 42. Bd6 Rh8 43. Re3 Kf7 44. Nb6 Qd8 45. Bc4 Re8 46. Rxe6 Rxe6 47. Re1
Kg7 48. Rxe6 Qxb6 49. Be7 Qb7 50. Bxf6+ Kf8 51. Be7+ Kg7 52. Bxc5 Qa8 53. Bd4+
Kh6 54. Be3+ Kg7 55. Re7+ Kf6 56. Bg5+ Kf5 57. Bd3+ Kg4 58. Be2+ 1-0

[Event "Moscow Open A 2015"]
[Site "Moscow RUS"]
[Date "2015.02.06"]
[Round "7.60"]
[White "Ozolin, Maxim"]
[Black "Popov, Kirill"]
[Result "1/2-1/2"]
[WhiteTitle "IM"]
[BlackTitle "FM"]
[WhiteElo "2394"]
[BlackElo "2313"]
[WhiteFideId "4133340"]
[BlackFideId "24157457"]
[EventDate "2015.01.31"]

1. e4 e6 2. d4 d5 3. Nc3 Bb4 4. e5 c5 5. a3 Bxc3+ 6. bxc3 Ne7 7. h4 Qc7 8. h5 h6
9. Nf3 Nbc6 10. Bd3 Bd7 11. O-O c4 12. Be2 f6 13. Bf4 f5 14. Nh4 O-O-O 15. g4
Rdf8 16. gxf5 Nxf5 17. Nxf5 Rxf5 18. Bg3 Rg8 19. Bg4 Rf7 20. f4 Ne7 21. f5 Nxf5
22. Bxf5 Rxf5 23. Rxf5 exf5 24. Qf3 Be6 25. Bf4 Qe7 26. Kf2 Qh4+ 27. Ke3 Qg4 28.
Qh1 g5 29. hxg6 Rxg6 30. Rf1 h5 31. Rf3 Qg2 32. Qxg2 Rxg2 33. Rf2 Rg1 34. Rh2
Bf7 35. Rh3 Ra1 36. Rg3 Rxa3 37. Rg7 Be6 38. Re7 Ra6 39. Rh7 Rc6 40. Bg5 a6 41.
Rxh5 Kc7 42. Rh7+ Bd7 43. Be7 Rg6 44. Kf4 Rg4+ 45. Kf3 Rg6 46. Kf4 Rg4+ 47. Kf3 1/2-1/2

[Event "Moscow Open A 2015"]
[Site "Moscow RUS"]
[Date "2015.02.06"]
[Round "7.61"]
[White "Batyuk, Artem"]
[Black "Meribanov, Vitaly"]
[Result "0-1"]
[BlackTitle "IM"]
[WhiteElo "2306"]
[BlackElo "2390"]
[WhiteFideId "34115088"]
[BlackFideId "13504363"]
[EventDate "2015.01.31"]

1. d4 Nf6 2. Nf3 g6 3. Bf4 Bg7 4. e3 c5 5. c3 b6 6. h3 O-O 7. Be2 Bb7 8. O-O d6
9. Nbd2 Nbd7 10. a4 a6 11. Bh2 Ne4 12. Qb3 Qc7 13. Rfd1 Nxd2 14. Nxd2 Rab8 15.
Bf1 Nf6 16. Qa3 Rfc8 17. Rac1 Nd7 18. Ra1 Qd8 19. Rac1 Qe8 20. b4 cxd4 21. cxd4
Rxc1 22. Rxc1 Rc8 23. Rc3 Kf8 24. Qc1 Rxc3 25. Qxc3 Qc8 26. Qxc8+ Bxc8 27. Bc4
Bb7 28. Kf1 e5 29. f3 d5 30. Bd3 exd4 31. Bd6+ Ke8 32. e4 Be5 33. Bxe5 Nxe5 34.
Ke2 dxe4 35. fxe4 Ke7 36. Nb3 Kd6 37. g3 Nc6 38. b5 axb5 39. axb5 Ne5 40. Nxd4
Bc8 41. h4 Kc5 42. Nc2 Bd7 43. Ke3 Nxd3 44. Kxd3 Bxb5+ 45. Kc3 Bc6 46. e5 Be4
47. Nb4 h5 48. Kb3 Kd4 49. Ka4 Kxe5 0-1

[Event "Moscow Open A 2015"]
[Site "Moscow RUS"]
[Date "2015.02.06"]
[Round "7.62"]
[White "Martirosyan, Haik M."]
[Black "Oganisian, Roman"]
[Result "0-1"]
[WhiteTitle "FM"]
[BlackTitle "FM"]
[WhiteElo "2389"]
[BlackElo "2304"]
[WhiteFideId "13306553"]
[BlackFideId "4153006"]
[EventDate "2015.01.31"]

1. Nf3 c5 2. c4 Nf6 3. Nc3 d6 4. d4 cxd4 5. Nxd4 e5 6. Nc2 Be7 7. Bg5 Nc6 8. e3
Be6 9. Be2 O-O 10. O-O Rc8 11. Qd2 Ne8 12. Bxe7 Nxe7 13. Na3 d5 14. Rfd1 Nf6 15.
cxd5 Nexd5 16. Nxd5 Bxd5 17. Qb4 Qc7 18. Nb5 Qb6 19. Qa3 Rc2 20. Bf1 Bxg2 21.
Rd6 Bc6 22. Qxa7 Qxa7 23. Nxa7 Bf3 24. b4 Ne4 25. Rd5 Nxf2 26. Rc5 Rb2 27. h3
Be4 28. Rxe5 f5 29. Rc1 h6 30. Nc8 Kh7 31. Ne7 0-1

[Event "Moscow Open A 2015"]
[Site "Moscow RUS"]
[Date "2015.02.06"]
[Round "7.63"]
[White "Geivondian, Arman"]
[Black "Khanin, Semen"]
[Result "0-1"]
[WhiteElo "2304"]
[BlackElo "2387"]
[WhiteFideId "24102032"]
[BlackFideId "4111990"]
[EventDate "2015.01.31"]

1. d4 Nf6 2. c4 g6 3. Nc3 Bg7 4. e4 d6 5. f3 O-O 6. Be3 Nc6 7. Qd2 a6 8. Rb1 Rb8
9. b4 e5 10. d5 Nd4 11. Nge2 Nh5 12. Nxd4 exd4 13. Bxd4 Qh4+ 14. Bf2 Qe7 15. Bd3
Nf4 16. Qxf4 Bxc3+ 17. Ke2 f5 18. Qe3 Qg7 19. Rhc1 Be5 20. Kf1 fxe4 21. Qxe4 Bd7
22. Bg3 Bxg3 23. hxg3 Rbe8 24. Qh4 g5 25. Qh2 Re3 26. Rb3 Re7 27. g4 Bxg4 28.
Qg3 Rf4 29. Kg1 Bd7 30. Be4 Qd4+ 31. Kf1 Qxe4 32. Qxg5+ Kh8 0-1

[Event "Moscow Open A 2015"]
[Site "Moscow RUS"]
[Date "2015.02.06"]
[Round "7.64"]
[White "Babikov, Ivan"]
[Black "Kalashnikov, Konstantin"]
[Result "1-0"]
[WhiteTitle "FM"]
[BlackTitle "IM"]
[WhiteElo "2279"]
[BlackElo "2380"]
[WhiteFideId "4161106"]
[BlackFideId "4136004"]
[EventDate "2015.01.31"]

1. e4 c5 2. c3 Nf6 3. e5 Nd5 4. Nf3 Nc6 5. Bc4 Nb6 6. Bb3 d6 7. exd6 Qxd6 8. Na3
a6 9. O-O e6 10. d4 cxd4 11. cxd4 Be7 12. Qd3 O-O 13. Rd1 Nb4 14. Qe4 N4d5 15.
Bc2 f5 16. Qe2 Bd7 17. Ne5 Bf6 18. Bd2 Bxe5 19. dxe5 Qe7 20. f3 Rac8 21. Rac1
Rc7 22. Bd3 Rfc8 23. Rxc7 Rxc7 24. Be3 Qb4 25. Bxb6 Qxb6+ 26. Qf2 Qb4 27. g3 f4
28. Be4 Ba4 29. b3 Qxa3 30. Bxd5 exd5 31. bxa4 Rc1 32. Rxc1 Qxc1+ 33. Kg2 Qc4
34. gxf4 Qxf4 35. Qb2 Qxa4 36. Qxb7 Qxa2+ 37. Kg3 d4 38. Qc8+ Kf7 39. Qd7+ Kg6
40. Qg4+ Kf7 41. Qd7+ Kg6 42. e6 Qd2 43. Qf7+ Kh6 44. e7 Qe1+ 45. Kg4 Qg1+ 46.
Kf5 Qb1+ 47. Ke5 Qb5+ 48. Qd5 Qe8 49. Qd6+ Kg5 50. Qd8 Qb5+ 51. Kd6 Qb4+ 52. Ke6 1-0

[Event "Moscow Open A 2015"]
[Site "Moscow RUS"]
[Date "2015.02.06"]
[Round "7.65"]
[White "Sorokin, Aleksey"]
[Black "Glukhov, Alexander"]
[Result "1-0"]
[WhiteTitle "FM"]
[WhiteElo "2379"]
[BlackElo "2296"]
[WhiteFideId "24176460"]
[BlackFideId "4178882"]
[EventDate "2015.01.31"]

1. d4 Nf6 2. c4 g6 3. Nc3 d5 4. Nf3 Bg7 5. Qb3 dxc4 6. Qxc4 O-O 7. e4 b6 8. e5
Be6 9. exf6 Bxc4 10. fxg7 Kxg7 11. Bxc4 Qd6 12. O-O c6 13. a4 Nd7 14. b3 Nf6 15.
Ba3 Qc7 16. Rfe1 Rfe8 17. Rac1 e6 18. Ba6 b5 19. axb5 Qa5 20. Bc5 Nd5 21. Nxd5
exd5 22. Bb7 Qxb5 23. Rxe8 Qxb7 24. Rxa8 Qxa8 25. Ra1 a5 26. h3 Qa6 27. Bb4 Qb5
28. Bxa5 Qxb3 29. Bc7 Qb7 30. Be5+ f6 31. Bd6 g5 32. Bc5 Kg6 33. Re1 h5 34. h4
g4 35. Nh2 Qb3 36. g3 Qc3 37. Re6 Qa1+ 38. Nf1 Qa4 39. Ne3 Kf7 40. Re7+ Kg6 41.
Ra7 Qb5 42. Bf8 Qb1+ 43. Kh2 f5 44. Ng2 f4 45. Nxf4+ Kf5 46. Re7 Qb2 47. Kg2 1-0